000 00480nam a2200181Ia 4500
005 20250326124355.0
008 250326s9999 xx 000 0 und d
037 _aTextbook
040 _aFMSL
_beng
_cFMSL
041 _aeng
_2eng
084 _aX:77 K5
_qFMSL
100 _aRostow W W
245 0 _aStages of economic growth
_cRostow W W
260 _aUSA
_bUSA, Cambridge University
_c1965
300 _a179p
942 _cTB
_hX:77 K5
999 _c1273469
_d1273469